POWER GENERATION PORTFOLIO OPTIMIZATION BY EXTERNALITY MINIMIZATION

Bibliographic Details
Main Author: Kádár, Péter (Author)
Format: Article
Language:English

MARC

LEADER 00000nab a2200000uu 4500
001 vtls011135645
003 SK-MaSNL
005 20260303151009.0
008 230222|2010 xo |||||||||||||||||eng|
015 |a SNBRB 
035 |a (urnnbn)urn:nbn:sk:snk:ar-007gbj 
035 |a (uuid)22935c20-0cd7-445c-b936-d750d1687348 
035 |a urn:nbn:sk:snk-abaoo1 
040 |a SNKBUCL  |b slo  |c SNKBUCL  |e AACR2 
041 0 |a eng 
044 |a xo  |c SK 
100 1 |a Kádár, Péter  |4 aut  |9 682804 
245 1 0 |a POWER GENERATION PORTFOLIO OPTIMIZATION BY EXTERNALITY MINIMIZATION  |c Péter Kádár 
773 0 |t Acta electrotechnica et informatica  |g Roč. 10, č. 2 (2010), s. 5-9 
958 |a OND 
958 |a EUIPO 
958 |a article14 
999 |c 2015166  |d 2017096